'West' geography - Statistics

General Stats
  • This quiz has been taken 76 times
  • The average score is 6 of 14
Answer Stats
Hint Answer % Correct
US state West Virginia
97%
Former country, its capital was Bonn West Germany
96%
Its capital is Perth Western Australia
90%
Disputed region claimed by Morocco Western Sahara
68%
Region that contains the Antilles & Lucayan islands West Indies
54%
Formerly known as Judea & Samaria West Bank
39%
The old name for a pacific island nation Western Samoa
30%
Metropolitan county of northern England West Yorkshire
29%
The Outer Hebrides is also known as the Western Isles
20%
Name for German ruled Namibia South-West Africa
19%
Former country until 1970 when it dropped the 'West' West Pakistan
16%
Seaside resort in Somerset, UK Weston-super-Mare
14%
The only place in the UK with an exclamation mark in its name Westward Ho!
13%
Federation of eight countries 1895-1958 French West Africa
1%
No matching quizzes found
Score Distribution
Percent of People with Each Score
Percentile by Number Answered
Your Score History
You have not taken this quiz